00595nam a22002057a 450000500170000001000130001702000220003003500130005203700160006504000120008108200160009310000200010924500850012926000410021427000530025530000230030850000190033165000130035065000260036320170124105949.0 aA-682329 c00.00a8120714687 aA-682329 bCen Lib/Ret aDPLbEN a306.85bKHA aKhavari, Khalil aCreating a successful family /cby Khalil A. Khavari [and] Sue Williston Khavari aNew DelhibSterling Publishersc1989 aL-10, Green Park Extension bNew Delhi ax, 269p.c20cm(Hb) aIncludes index aFamilies aFamily life education